000 00323nam a2200133Ia 4500
008 240624s9999 xx 000 0 und d
041 _aeng
082 _a658.406 CLA
100 _aCLARKE LIZ
245 _aESSENCE OF CHANGE
260 _c2002
_aNew delhi
_bPrentice-Hall
300 _axiii, : 202 : p. : cm. ; 22
365 _cRS
999 _c239
_d239